000
00198 a2200097 4500
001
1493
100
_a
Peck, R.B
245
_a
Foundation engineering
260
_a
_b
Asia pubs
_c
090
_c
1035
_d
1035
942
_a
NUST-CAE
_c
M
_c
392
999
_c
236566
_d
236566